Effectiveness of using organic fertilizer on (Brassica campestris pekinenesis) at royal university of agriculture,(ប្រសិទ្ធភាពនៃការប្រើប្រាស់ជីធម្មជាតិលើដំណាំស្ពៃក្រញាញ់ នៅស្ថានីយ៍ដំណាំ នៃសាកលវិទ្យាល័យភូមិន្ទកសិកម្ម) (Record no. 773)

000 -LEADER
fixed length control field 00771nam a22001577a 4500
003 - CONTROL NUMBER IDENTIFIER
control field OSt
005 - DATE AND TIME OF LATEST TRANSACTION
control field 20150918171233.0
008 - FIXED-LENGTH DATA ELEMENTS--GENERAL INFORMATION
fixed length control field 150918b xxu||||| |||| 00| 0 eng d
040 ## - CATALOGING SOURCE
Transcribing agency RUA
082 ## - DEWEY DECIMAL CLASSIFICATION NUMBER
Classification number AGR KEO 2005 B032 Or.1
100 ## - MAIN ENTRY--PERSONAL NAME
9 (RLIN) 801
Personal name KEO KIMAUN
245 ## - TITLE STATEMENT
Title Effectiveness of using organic fertilizer on (Brassica campestris pekinenesis) at royal university of agriculture,(ប្រសិទ្ធភាពនៃការប្រើប្រាស់ជីធម្មជាតិលើដំណាំស្ពៃក្រញាញ់ នៅស្ថានីយ៍ដំណាំ នៃសាកលវិទ្យាល័យភូមិន្ទកសិកម្ម)
260 ## - PUBLICATION, DISTRIBUTION, ETC. (IMPRINT)
Place of publication, distribution, etc. phnom penh
Name of publisher, distributor, etc. RUA
Date of publication, distribution, etc. 2005
300 ## - PHYSICAL DESCRIPTION
Extent x,44p.
Dimensions ill.
Size of unit 29cm.
942 ## - ADDED ENTRY ELEMENTS (KOHA)
Source of classification or shelving scheme
Koha item type AGR
Holdings
Price effective from Date last seen Permanent Location Not for loan Date acquired Source of classification or shelving scheme Koha item type Lost status Withdrawn status Date last checked out Total Checkouts Shelving location Damaged status Barcode Current Location Full call number
2015-09-182015-09-18Library Block B 2015-09-18 AGR    B032 RUA008416Library Block BAGR KEO 2005 B032 Or.1
2015-09-182023-07-11Library Block B 2015-09-18 AGR  2023-06-284B032 RUA008632Library Block BAGR KEO 2005 B032 Or.2
មជ្ឈមណ្ឌលឯការនៃសាកលវិទ្យាល័យភូមិន្ទកសិកម្មចំការដូង

Powered by Koha